000 00543nam a2200169 i 4500
001 22712
003 ES-MaACL
005 20250409063044.0
007 t|
008 021204s1925 sp ||||1| spa d
100 0 _aAlvarez-Ossorio, Francisco,
_d1868-1953
_920897
245 1 4 _aUna visita al Museo Arqueológico Nacional /
_cFrancisco Alvarez-Ossorio.
260 _aMadrid :
_b[s.n.,
_c1925] (
_fImp. Rev. de Archivos)
300 _a252 p., 160 lám. ;
_c16 cm.
852 _aES-MaACL
_jF-277
_bR.5471
999 _c22712
_d22712